Southville International School and Colleges
Your cart is empty.
  • Cart
  • Lists
    Public lists Eva Luna New books Lux_list list_1
    Your lists Log in to create your own lists
  • Log in to your account
  • Your cookies
  • Search history
Southville International School and Colleges
  • Advanced search
  • Recent comments
  • Most popular
  • Libraries

Log in to your account

Log in with GOOGLE


If you do not have an external account, but do have a local account, you can still log in:

  1. Home
  2. MARC view: Philippine government and constitution /
Normal view MARC view ISBD view

Philippine government and constitution / (Record no. 276904)

[ view plain ]
MARC details
000 -LEADER
fixed length control field 00608nam a2200181 a 4500
003 - CONTROL NUMBER IDENTIFIER
control field SISC
005 - DATE AND TIME OF LATEST TRANSACTION
control field 20141210101302.0
008 - FIXED-LENGTH DATA ELEMENTS--GENERAL INFORMATION
fixed length control field 090218s ph 000 0 eng d
020 ## - INTERNATIONAL STANDARD BOOK NUMBER
International Standard Book Number 9717250464
050 00 - LIBRARY OF CONGRESS CALL NUMBER
Classification number JQ 1424
Item number .P54 2012
245 00 - TITLE STATEMENT
Title Philippine government and constitution /
Remainder of title Flor Amor B. Monta ... [et al.]
260 ## - PUBLICATION, DISTRIBUTION, ETC. (IMPRINT)
Place of publication, distribution, etc Makati City, Philippines :
Name of publisher, distributor, etc Grandwater Publications and Research Corp.,
Date of publication, distribution, etc c2012.
300 ## - PHYSICAL DESCRIPTION
Extent 266 pages :
Dimensions 22 cm.
650 #0 - SUBJECT ADDED ENTRY--TOPICAL TERM
Topical term or geographic name as entry element Constitutional law
Geographic subdivision Philippines.
651 #0 - SUBJECT ADDED ENTRY--GEOGRAPHIC NAME
Geographic name Philippines
General subdivision Politics and government.
700 1# - ADDED ENTRY--PERSONAL NAME
Personal name Monta, Flor Amor B.
942 ## - ADDED ENTRY ELEMENTS (KOHA)
Source of classification or shelving scheme Library of Congress Classification
Koha item type Books
Call number prefix Filipininana
Holdings
Withdrawn status Lost status Source of classification or shelving scheme Damaged status Home library Current library Shelving location Date acquired Source of acquisition Sub Shelving location Total Checkouts Full call number Barcode Date last seen Price effective from Koha item type
    Library of Congress Classification   College Library College Library Filipiniana Section 12/10/2014 Library Fund     JQ 1424 .P54 2012 C18994 05/08/2018 12/10/2014 Books

Philippine government and constitution /

APA

Monta F. A. B., . (2012). Philippine government and constitution. Makati City, Philippines: Grandwater Publications and Research Corp.

Chicago

Monta Flor Amor B, . 2012. Philippine government and constitution. Makati City, Philippines: Grandwater Publications and Research Corp.

Harvard

Monta F. A. B., . (2012). Philippine government and constitution. Makati City, Philippines: Grandwater Publications and Research Corp.

MLA

Monta Flor Amor B, . Philippine government and constitution. Makati City, Philippines: Grandwater Publications and Research Corp. 2012.

  • Place hold
  • Print
  • Cite
  • Add to your cart (remove)
  • Save record
    BIBTEX Dublin Core MARCXML MARC (non-Unicode/MARC-8) MARC (Unicode/UTF-8) MARC (Unicode/UTF-8, Standard) MODS (XML) RIS
  • More searches
    Search for this title in:
    Other Libraries (WorldCat) Other Databases (Google Scholar) Online Stores (Bookfinder.com) Open Library (openlibrary.org)

Exporting to Dublin Core...

SOUTHVILLE LIBRARY

Southville International School and Colleges Library

1281 Tropical Ave. Cor. Luxembourg St., BF Homes International, Las Pinas City

Tel. No. 8256374 / 252358 Loc. 117/146

Powered by Koha